000 00304nam a22001337a 4500
008 170926b xxu||||| |||| 00| 0 eng d
020 _a9780075711032
041 _aeng
080 _a37
100 _a46
101 _aEDU
245 _aSPELLING AND VOCABULARY SKILLS
_cTEACHER EDITION
942 _2udc
_cBK
999 _c29908
_d29908